Normal view
MARC view
Entry Topical Term
001 - CONTROL NUMBER
- control field: 237577
003 - CONTROL NUMBER IDENTIFIER
- control field: OSt
005 - DATE AND TIME OF LATEST TRANSACTION
- control field: 20250829102912.0
008 - FIXED-LENGTH DATA ELEMENTS
- fixed length control field: 250829|| aca||aabn | a|a d
040 ## - CATALOGING SOURCE
- Original cataloging agency: OSt
- Transcribing agency: OSt
150 ## - HEADING--TOPICAL TERM
- Topical term or geographic name entry element: A Collection of Contemporary Indian Stories in English
670 ## - SOURCE DATA FOUND
- Source citation: Work cat.: (OSt)240394: Rana Nayar 237575, Bhavishyada Kathegalu, 2016